African perspectives on development : (Record no. 19327)
[ view plain ]
| 000 -LEADER | |
|---|---|
| fixed length control field | 00714cam a2200253 a 4500 |
| 020 ## - INTERNATIONAL STANDARD BOOK NUMBER | |
| ISBN | 0312120877 |
| 020 ## - INTERNATIONAL STANDARD BOOK NUMBER | |
| ISBN | 9780312120870 |
| 020 ## - INTERNATIONAL STANDARD BOOK NUMBER | |
| ISBN | 0852552211 |
| 020 ## - INTERNATIONAL STANDARD BOOK NUMBER | |
| ISBN | 9780852552216 |
| 020 ## - INTERNATIONAL STANDARD BOOK NUMBER | |
| ISBN | 0852552203 |
| 020 ## - INTERNATIONAL STANDARD BOOK NUMBER | |
| ISBN | 9780852552209 |
| 040 ## - CATALOGING SOURCE | |
| Transcribing agency | DLC |
| 082 00 - DEWEY DECIMAL CLASSIFICATION NUMBER | |
| Classification number | 338 TUL 2002 C165 Or. |
| 245 00 - TITLE STATEMENT | |
| Title | African perspectives on development : |
| Remainder of title | controversies, dilemmas & openings / |
| 300 ## - PHYSICAL DESCRIPTION | |
| Number of Pages | xi, 342 pages : |
| Other physical details | illustrations, map ; |
| Dimensions | 25 cm |
| 650 #0 - SUBJECT ADDED ENTRY--TOPICAL TERM | |
| Topical Term | Economic development |
| 650 #0 - SUBJECT ADDED ENTRY--TOPICAL TERM | |
| Topical Term | Economic development |
| 650 #4 - SUBJECT ADDED ENTRY--TOPICAL TERM | |
| Topical Term | Africa-economic development |
| 650 #4 - SUBJECT ADDED ENTRY--TOPICAL TERM | |
| Topical Term | Africa-economic policy |
| 700 1# - ADDED ENTRY--PERSONAL NAME | |
| Personal name | Himmelstrand, Ulf |
| 700 1# - ADDED ENTRY--PERSONAL NAME | |
| Personal name | Kinyanjui, Kabiru |
| 700 1# - ADDED ENTRY--PERSONAL NAME | |
| Personal name | Mburugu, E. K |
| 942 ## - ADDED ENTRY ELEMENTS (KOHA) | |
| Koha item type | ADB |
| 952 ## - LOCATION AND ITEM INFORMATION (KOHA) | |
| Withdrawn status [LOCAL, KOHA] | 0 |
| Source of acquisition | Permanent Location | Date acquired | Koha item type | Lost status | Shelving location | Current Location | Full call number |
|---|---|---|---|---|---|---|---|
| A33013 | Library Block C | 2020-09-23 | សៀវភៅភាសាអង់គ្លេស | C165 | Library Block C | 338 TUL 2002 C165 Or. |